| 000 | 00708nam a22002297a 4500 | ||
|---|---|---|---|
| 003 | LK-CoDNM | ||
| 005 | 20241002142333.0 | ||
| 008 | 241002b |||||||| |||| 00| 0 eng d | ||
| 040 |
_aLK-CoDNM _dLK-CoDNM _eLK-CoDNM |
||
| 041 | _aeng | ||
| 080 |
_a104 _bNN13 |
||
| 245 | _aProgress report of the Archaeological survey of India Western circle | ||
| 250 | _aFor the year ending 31st March 1921 | ||
| 260 |
_aBombay _bGovernment Central press _c1922 |
||
| 300 | _b126p. : ill ; 30 cm | ||
| 500 | _aPart IV | ||
| 650 | _aProgress report of the Archaeological survey of India Western circle | ||
| 650 | _aFor the year ending 31st March 1921 | ||
| 650 | _aPart IV | ||
| 650 | _a104 NN13 | ||
| 942 | _cBK | ||
| 999 |
_c217334 _d217334 |
||